Business environment of small and medium-sized enterprises in the Slovakia in comparison to Switzerland diplomová práca

Gespeichert in:
Bibliographische Detailangaben
1. Verfasser: Klabníková, Jana
Körperschaft: Ekonomická univerzita v Bratislave. Ústav medzinárodných programov
Weitere Verfasser: Šúbertová, Elena
Format: Buch
Sprache:Englisch
Veröffentlicht: Bratislava 2014
Tags: Tag hinzufügen
Keine Tags, Fügen Sie das erste Tag hinzu!

MARC

LEADER 00000nbm a2200000 4500
001 0193096
005 20170314112304.8
041 0 |a eng 
044 |a SK 
245 1 0 |a Business environment of small and medium-sized enterprises in the Slovakia in comparison to Switzerland  |b diplomová práca  |c Jana Klabníková ; školiteľ: Elena Šúbertová 
264 1 |a Bratislava  |c 2014 
300 |a 78 s. 
100 1 |a Klabníková, Jana 
700 1 |a Šúbertová, Elena 
710 2 |a Ekonomická univerzita v Bratislave. Ústav medzinárodných programov